Clubs ayant le plus de saisons en Ligue 1. - Statistiques

Statistiques générales
  • Ce quiz a été pris 3 111 fois
    2 881 depuis la dernière actualisation
  • Le résultat moyen est 9 sur 11
Statistiques - réponses
Titres Saisons Clubs % Correct
9 73 Olympique de Marseille
99%
7 65 Olympique lyonnais
97%
10 69 AS Saint-Étienne
93%
4 63 Lille OSC
92%
6 69 Girondins de Bordeaux
92%
- 66 Stade rennais
88%
4 64 OGC Nice
87%
8 64 AS Monaco
83%
1 62 RC Strasbourg
69%
2 66 FC Sochaux-Montbéliard
55%
- 63 FC Metz
54%
Aucun quiz correspondant
Distribution des résultats
% des personnes avec chaque résultat
Percentile par nombre de réponses
Votre historique - résultats
Vous n’avez pas pris ce quiz depuis la dernière actualisation